Computer Science Logic : 11th International Workshop, CSL'97, Annual Conference of the EACSL, Aarhus, Denmark, August 23-29, 1997, Selected Papers /

Uloženo v:
Podrobná bibliografie
Hlavní autor: Mogens Nielsen, Wolfgang Thomas (edición)
Médium: Kniha
Jazyk:angličtina
Vydáno: Berlín, Alemania : Springer, 1998, c1998
Edice:(Lecture Notes in Computer Science)
On-line přístup:Ver documento en línea
Tagy: Přidat tag
Žádné tagy, Buďte první, kdo vytvoří štítek k tomuto záznamu!

MARC

LEADER 00000nam^a22000000a04500
001 000602258
009 20260512124059.375
020 |a 978-3-540-69353-6 
022 |a 1611-3349 
037 |a Acervo ITESO - Biblioteca 
041 |a ING 
082 |a Libro en línea 
100 |a Mogens Nielsen, Wolfgang Thomas  |e (edición) 
245 |a Computer Science Logic :  |b 11th International Workshop, CSL'97, Annual Conference of the EACSL, Aarhus, Denmark, August 23-29, 1997, Selected Papers / 
264 4 |a Berlín, Alemania :  |b Springer,  |c 1998, c1998 
264 2 |a Cham, Suiza :  |b Springer Link [distribución],  |c 2025 
300 |a 1 libro electrónico en línea (VIII, 520 p.) 
300 |a 1 recurso en línea 
336 |a datos para computadora  |b cod  |2 rdacontenido 
337 |a computadora  |b c  |2 rdamedio 
338 |a recurso en línea  |b cr  |2 rdasoporte 
440 |a (Lecture Notes in Computer Science) 
506 0 |a Licencias ilimitadas 
567 |a Catalogación rápida 
649 |a XX 
856 4 0 |u https://link-springer-com.ezproxy.iteso.mx/10.1007/BFb0028003  |y Ver documento en línea 
910 |a Fondo General 
920 |a Electrónicos - Libros en Línea 
930 |a Plataforma Digital 
905 |a 205 
902 |a https://opac.biblio.iteso.mx/vufind/Record/000602258